Economic development
Guardat en:
| Autor principal: | |
|---|---|
| Format: | Llibre |
| Idioma: | anglès |
| Publicat: |
Cambridge
Harvard University Press
1964
|
| Matèries: | |
| Etiquetes: |
Afegir etiqueta
Sense etiquetes, Sigues el primer a etiquetar aquest registre!
|
MARC
| LEADER | 00000nam a2200000 a 4500 | ||
|---|---|---|---|
| 001 | UCQ1218 | ||
| 003 | CL-VaPUC | ||
| 008 | 980709e19640000US |||||||||||||||||eng|d | ||
| 082 | 0 | 4 | |a 338.9 |b GAL |2 21 |
| 100 | |a Galbraith, John Kenneth |e author |9 591930 | ||
| 245 | 1 | 0 | |a Economic development |
| 300 | |a 109 p | ||
| 942 | |c BK | ||
| 945 | |d 19980709 00:00:00 |a crobeson | ||
| 260 | |a Cambridge |b Harvard University Press |c 1964 | ||
| 650 | 0 | |a Desarrollo económico y social |9 256320 | |
| 650 | 0 | |a Crecimiento económico |9 314037 | |
| 650 | 0 | |a Pobreza |9 258652 | |
| 650 | 0 | |a Cambio social |9 256857 | |
| 650 | 0 | |a Planificación del desarrollo |9 326796 | |
| 650 | 0 | |a Desarrollo industrial |9 322675 | |
| 650 | 0 | |a Demografía |9 260008 | |
| 583 | |a last modification |c 19980709 00:00:00 |k Rodrigo Vera | ||
| 999 | |c 272222 |d 272220 | ||